Sound the alarm (Record no. 81783)

MARC details
000 -LEADER
fixed length control field 00897cab a22002055a 4500
001 - CONTROL NUMBER
control field L148311
008 - FIXED-LENGTH DATA ELEMENTS--GENERAL INFORMATION
fixed length control field 090902e20090822xxk 000 0 eng d
035 ## - SYSTEM CONTROL NUMBER
System control number (Sirsi) u148311
041 0# - LANGUAGE CODE
Language code of text/sound track or separate title eng
100 1# - MAIN ENTRY--PERSONAL NAME
Personal name Barrett, David
245 00 - TITLE STATEMENT
Title Sound the alarm
260 ## - PUBLICATION, DISTRIBUTION, ETC.
Date of publication, distribution, etc. 2009
490 ## - SERIES STATEMENT
Series statement Estates Gazette
Volume/sequential designation (0933) 22 August 2009, 62-63(2)
520 ## - SUMMARY, ETC.
Summary, etc. The Regulation Reform (Fire Safety) Order 2005 for all non-domestic premises and their terms and penalties for non-compliance are examined. The article lists premises covered by the 2005 Order and the role of the competent person responsible for carrying out risk assessments. Outlines a range of prosecutions made under the 2005 Order.
590 ## - LOCAL NOTE (RLIN)
Local note KA
650 24 - SUBJECT ADDED ENTRY--TOPICAL TERM
Topical term or geographic name entry element REGULATORY REFORM (FIRE SAFETY) ORDER 2005
651 #4 - SUBJECT ADDED ENTRY--GEOGRAPHIC NAME
Geographic name England and Wales
Chronological subdivision 1543-
690 ## - LOCAL SUBJECT ADDED ENTRY--TOPICAL TERM (OCLC, RLIN)
Topical term or geographic name as entry element MANAGEMENT-HEALTH AND SAFETY-FIRE SAFETY-FIRE RISK ASSESSMENT
942 ## - ADDED ENTRY ELEMENTS (KOHA)
Suppress in OPAC 0
Holdings
Withdrawn status Lost status Source of classification or shelving scheme Damaged status Not for loan Home library Current library Shelving location Date acquired Total Checkouts Full call number Barcode Date last seen Copy number Price effective from Koha item type
    Dewey Decimal Classification     London London Journal article 09/03/2011   L148311 L148311 06/08/2019 1 06/08/2019 Journal article